| 000 | 01154nam a22003857a 4500 | ||
|---|---|---|---|
| 001 | BR0702304 | ||
| 003 | BR-BrBNA | ||
| 005 | 20230928102418.0 | ||
| 007 | ta | ||
| 008 | 230509b bl.||||| |||| 00| 0 por d | ||
| 040 |
_aBR-BrBNA _bpor _cBiblioteca Nacional de Agricultura |
||
| 041 | _a(Por) | ||
| 072 |
_aF40; F02; H20 _b1110 |
||
| 090 | _ 1110 BR0702304 | ||
| 100 | 1 | _aDonadio, L.C. | |
| 100 | 1 | _aPereira, F.M. | |
| 100 | 1 | _aLam-Sanchez, A. | |
| 110 | 1 | _aUniversidade Estadual Paulista Júlio de Mesquita Filho, Jaboticabal, SP (Brasil). Faculdade de Ciências Agrárias e Veterinárias | |
| 111 | 1 |
_a1. Simpósio sobre Abacaticultura _cJaboticabal, SP (Brazil) _d20-25 Nov 1978 |
|
| 245 | 1 | _aAnais do 1. Simpósio sobre Abacaticultura | |
| 260 | 3 |
_aJaboticabal, SP (Brasil): _c1978. |
|
| 300 | _a75 p. | ||
| 650 | _aABACATE | ||
| 650 | _aPRÁTICA CULTURAL | ||
| 650 | _aBIOLOGIA VEGETAL | ||
| 650 | _aCLIMA | ||
| 650 | _aSOLO | ||
| 650 | _aENXERTO | ||
| 650 | _aBOTÂNICA | ||
| 650 | _aERVA DANINHA | ||
| 650 | _aDOENÇA DE PLANTA | ||
| 650 | _aPRAGA DE PLANTA | ||
| 909 |
_a202309 _bLucia _c55 _dLucia Elande |
||
| 942 | _cBK | ||
| 999 |
_c70643 _d70643 |
||